| 000 | 01989cam a2200481 a 4500 | ||
|---|---|---|---|
| 001 | 15611640 | ||
| 003 | ARRUPE | ||
| 005 | 20221130094820.0 | ||
| 008 | 090204s2009 miuab be 000 0 eng | ||
| 010 | _a 2009004956 | ||
| 020 | _a9780310209737 (v. 1 : hardcover, printed) | ||
| 020 | _a0310209730 (v. 1 : hardcover, printed) | ||
| 020 | _a9780310241324 (v. 2 : hardcover, printed) | ||
| 020 | _a0310241324 (v. 2 : hardcover, printed) | ||
| 020 | _a9780310241331 (v. 3 : hardcover, printed) | ||
| 020 | _a0310241332 (v. 3 : hardcover, printed) | ||
| 020 | _a9780310241348 (v. 4 : hardcover, printed) | ||
| 020 | _a0310241340 (v. 4 : hardcover, printed) | ||
| 020 | _a9780310241355 (v. 5 : hardcover, printed) | ||
| 020 | _a0310241359 (v. 5 : hardcover, printed) | ||
| 020 | _a9780310241362 (set) | ||
| 020 | _a0310241367 (set) | ||
| 028 | _bArrupe | ||
| 035 | _a(OCoLC)ocn302414666 | ||
| 040 |
_aDLC _cDLC _dYDX _dTLE _dOUP _dITC _dYDXCP _dDLC |
||
| 050 | 0 | 0 |
_aBS440 _b.Z63 2009 |
| 082 | 0 | 0 |
_a220.3 _222 |
| 245 | 0 | 4 |
_aThe Zondervan encyclopedia of the Bible / _cMerrill C. Tenney, general editor ; Moisés Silva, revision editor. |
| 246 | 3 | 0 | _aEncyclopedia of the Bible |
| 250 | _aRev., full-color ed. | ||
| 260 |
_aGrand Rapids, Mich. : _bZondervan, _cc2009. |
||
| 300 |
_a5 v. : _bcol. ill., col. maps ; _c25 cm. |
||
| 500 | _aRev. ed. of: The Zondervan pictorial encyclopedia of the Bible. | ||
| 504 | _aIncludes bibliographical references. | ||
| 505 | 0 | 0 |
_gv. 1. _tA-C -- _gv. 2. _tD-G -- _gv. 3. _tH-L -- _gv. 4. _tM-P -- _gv. 5. _tQ-Z |
| 630 | 0 | 0 |
_aBible _vEncyclopedias. _952152 |
| 700 | 1 |
_aTenney, Merrill C. _q(Merrill Chapin), _d1904-1985. _927276 |
|
| 700 | 1 |
_aSilva, Moisés. _952153 |
|
| 730 | 0 |
_aZondervan pictorial encyclopedia of the Bible. _952154 |
|
| 906 |
_a7 _bcbc _corignew _d1 _eecip _f20 _gy-gencatlg |
||
| 942 |
_2lcc _cREFERENCE |
||
| 999 |
_c131615 _d131615 |
||